000 00649nam a2200229Ia 4500
001 9678
003 GE_BSU
008 181216s||||||||xx |||||||||||||| ||und||
040 _cGE_BSU
080 _a821.353.1–32
100 _aმესხიშვილი,ჯემალ
245 _aმაისის თაფლი
245 _bმოთხრობა
245 _cმხატვ.გ.ღლონტი
260 _aთბილისი
260 _bმერანი
260 _c1989
300 _a206გვ.19სმ.
653 _aმაისის თაფლი
653 _aმოთხრობა
942 _cBK
999 _c42961
_d42961